| 000 | 00317nam a2200133Ia 4500 | ||
|---|---|---|---|
| 008 | 240510s9999 xx 000 0 und d | ||
| 041 | _aEng | ||
| 245 | 0 | _aAnglo American Cataloguing Rules | |
| 250 | _a2nd ed. | ||
| 260 | _bOxford and IBH Publishing Co:New Delhi | ||
| 260 | _c1986 | ||
| 942 | _2ddc | ||
| 942 | _cLBK | ||
| 999 |
_c27285 _d27285 |
||
| 945 |
_a1 _bMadushi Gamage _c1 _dMadushi Gamage |
||